[Event "MCR mladeze 2019 - D10"]
[Site "Kouty nad Desnou"]
[Date "2019.03.11"]
[Round "4"]
[White "Kodetova, Adriana"]
[Black "Micova, Barbora"]
[Result "0-1"]
[WhiteElo "1029"]
[BlackElo "1103"]
[EventDate "2019.03.09"]

1. e4  e5  2. Bc4  Nf6
3. d3  Nc6  4. Nf3
Bc5  5. Bg5  O-O
6. Nc3  Bb4  7. O-O
Bxc3  8. bxc3  d6
9. h3  Be6  10. Bxe6
fxe6 11. d4 h6  12. Bh4  exd4
13. cxd4  e5  14. c3
exd4  15. cxd4  Qd7
16. Re1  Rae8  17. Bxf6
Rxf6  18. e5  dxe5
19. d5  Nb4  20. Nxe5
Qf5  21. Nf3  Rxe1+
22. Qxe1  Nxd5  23. Rd1
Nf4  24. Nh4  Qg5
25. f3  Nxh3+  26. Kh2
Nf4  27. Qf2  Qe5
28. Kh1  g5  29. g3
Ne6  30. Ng2  g4
31. Ne3  Rxf3  32. Re1
Rxf2  33. Ng2  Qxg3
34. Rg1  Qh3#  0-1

[Event "MCR mladeze 2019 - D10"]
[Site "Kouty nad Desnou"]
[Date "2019.03.11"]
[Round "4"]
[White "Kubatova, Ema"]
[Black "Lackova, Ludmila"]
[Result "0-1"]
[WhiteElo "1011"]
[BlackElo "1100"]
[EventDate "2019.03.09"]

1. e4  e5  2. Nf3  Nc6
3. d4  exd4  4. Nxd4
Bc5  5. Be3  Qf6
6. c3  Nge7  7. Bc4
O-O  8. O-O  d6
9. Re1  Qg6  10. Qf3  Ne5
11. Qe2  Bh3  12. g3
Qxe4  13. f3  Qg6
14. Nd2  d5  15. Bb3
Rad8  16. Rac1  Rd6
17. Bc2  Qf6  18. Nf1
Rb6  19. b4  Bxd4
20. Bxd4  Re6  21. Bxe5
Qg5  22. Qd3  g6
23. Bxc7  Bf5  24. Qd2
Qxd2 25. Nxd2 Bxc2  26. Rxc2
Rxe1+  27. Kf2  Rh1  28. Nf1
Rc8  29. Bd6  Nf5
30. Kg2  Rxf1  31. Kxf1
Ne3+  32. Ke2  Nxc2
33. Kd2  Na3  34. Bc5
b6  35. Bd4  Nb5
36. Kd3  Nxd4  37. Kxd4
Kg7  38. Kxd5  Rxc3
39. f4  Rc2  40. a4
Kf6  41. Ke4  Rxh2
42. g4  h6  43. Kd5
Rc2  44. Kd4  h5
45. g5+  Kf5  46. Ke3
h4  47. Kd3  Ra2
48. a5  h3  49. axb6
axb6  50. Kc3  h2
51. Kb3  Rg2  52. Kc4
h1=Q  53. Kb5  Qg1
54. Kc4  Qc1+  55. Kb5
Qxf4  56. Kxb6  Qxb4+
57. Kc6  Qd4  58. Kb5
Rb2+  59. Kc6  Rc2+
60. Kb5  Qb2+  61. Ka4
Rc1  62. Ka5  Ra1#
0-1

[Event "MCR mladeze 2019 - D10"]
[Site "Kouty nad Desnou"]
[Date "2019.03.11"]
[Round "4"]
[White "Lackova, Lucie"]
[Black "Ticha, Valerie"]
[Result "0-1"]
[WhiteElo "1085"]
[BlackElo "1036"]
[EventDate "2019.03.09"]

1. e4 e5 2. Nf3  Nc6  3. Nc3  Nf6
4. Bb5  Bb4  5. O-O
d6  6. d3  O-O
7. Bg5  Bxc3  8. bxc3  Bg4
9. Rb1  a6  10. Bxc6
bxc6  11. h3  Bh5
12. Qe2  h6  13. Bh4
Bxf3  14. Qxf3  Qe7
15. Qg3  Rab8  16. d4
Rxb1  17. Rxb1 exd4 18. cxd4
Kh8  19. e5  g5  20. exf6
Qxf6  21. Qd3  gxh4
22. Rb7  Qe7  23. Qxa6
c5  24. d5  Rg8
25. Qa5  Qg5  26. g3  hxg3
27. fxg3  Qxg3+  28. Kf1
Qh2  29. Rb8  Rxb8
30. Qe1  Rg8  31. Qf2
Qxh3+  32. Ke1  Re8+
33. Kd1  Qh1+  34. Kd2
Qh5  35. Qf4  Qxd5+
36. Kc1  Re1+  37. Kb2 Rh1 38.
Qf6+  Kg8  39. a4  Qb7+
40. Kc3 Qb1 41. Kd2  Rh3  42.
Qd8+  Kg7  43. Qxc7  Qb4+
44. Kc1  Rh1#  0-1

[Event "MCR mladeze 2019 - D10"]
[Site "Kouty nad Desnou"]
[Date "2019.03.11"]
[Round "4"]
[White "Svrchokrylova, Ludmila"]
[Black "Kubickova, Linda"]
[Result "1-0"]
[WhiteElo "1098"]
[BlackElo "1020"]
[EventDate "2019.03.09"]

1. e4  e5  2. Nf3  Nc6
3. Bc4  Nf6  4. Nc3
Bc5  5. d3  d6
6. Bg5  Bg4  7. h3  O-O
8. Qd2  Bd7 9. Nd5  Bb4
10. c3 Ba5  11. O-O-O  Ne7
12. Nxf6+  gxf6  13. Bxf6
Qe8  14. Qg5+  Ng6
15. Nh4  Be6  16. Qh6
Bxc4  17. Qg7#  1-0

[Event "MCR mladeze 2019 - D10"]
[Site "Kouty nad Desnou"]
[Date "2019.03.11"]
[Round "4"]
[White "Stepanyshyn, Katerina"]
[Black "MIkulenkova, Natalie"]
[Result "0-1"]
[WhiteElo "1100"]
[BlackElo "1000"]
[EventDate "2019.03.09"]

1. c4  Nf6  2. Nc3  g6
3. g3  Bg7  4. Nf3
O-O  5. Bg2  d5
6. cxd5  c6  7. dxc6 Nxc6  8. O-O
Bd7 9. d3  Qb6  10. Qd2
Nb4  11. Na4  Qb5
12. Nc3  Qa5  13. Qe3
Rac8  14. Qxe7  Nc2 15. Rb1 Rce8
16. Qd6  b5  17. Bg5  Re6
18. Qf4  b4  19. Nd1
Rc8  20. e4  Qxa2
21. Rc1  Nh5  22. Qd2
Qb3  23. Ne3  Nxe3
24. Bxe3  Rb8  25. Ng5
Ra6  26. Qe2  Bxb2
27. Rc7  Rd8 28. Qf3  Bb5
29. d4  Bxf1  30. Bxf1
Rf8  31. Bxa6  Qa3 32. Qf4
Nxf4 33. Bxf4 Qxa6  34. e5  Qb6
35. Rd7  Qxd4  36. e6
f6  37. Rxa7  b3
38. Rb7  Ba3  39. Rxb3
Qa4  40. Rb7  fxg5
41. Bxg5  h6  42. Bxh6
Rf6  43. e7  Re6
44. Rb8+  Kf7  45. f4
Bxe7  46. Kg2  Qa3
47. Kh3  Qf3 48. Rh8  Qf2
49. Rh7+  Kf6 50. g4  Re2
51. g5+  Ke6  52. Rg7
Qxh2+  53. Rh7 Kf6+  54. Kg4+
Qf2 55. Kh3+  Ke6  56. Rg7 Qh2+
57. Kg4  Rf2  58. Rxg6+
Kd7  59. Rg8  Rxf4# 0-1

[Event "MCR mladeze 2019 - D12"]
[Site "Kouty nad Desnou"]
[Date "2019.03.11"]
[Round "4"]
[White "Cinkova, Vicky"]
[Black "Havelkova, Beata"]
[Result "1-0"]
[WhiteElo "1124"]
[BlackElo "1359"]
[EventDate "2019.03.09"]

1. d4  d5  2. c4  e6
3. Nc3  Nf6  4. cxd5
exd5  5. Bg5  Be7
6. e3  O-O  7. Bd3
Nbd7  8. Qc2  h6
9. Bf4  c6  10. Nge2
Nb6  11. h3  Re8
12. g4  Bd6  13. O-O-O
Bxf4  14. Nxf4  Qe7
15. Rdg1  Ne4  16. Nh5
Nd7  17. f3  Nxc3
18. bxc3  Qxe3+  19. Kb2
Qxf3  20. Re1  Rf8
21. Bf5  Nf6  22. Nxf6+
gxf6  23. Bh7+  Kg7
24. h4  Rh8  25. Bd3
Be6  26. Qd2  Rag8
27. g5  hxg5  28. Rhf1
Qg3  29. hxg5  fxg5
30. Rg1  Rh2  31. Be2
Rg2  32. Rxg2  Qxg2
33. Qc1  g4  34. Ka1
Kf8  35. Qa3+  Kg7
36. Qc1  Kf6  37. Qf4+
Kg6  38. Bd3+  Kh5
39. Re5+  Kh4  40. Qh6+
Kg3  41. Re3+  Kf2
42. Re2+  Kg1  43. Rxg2+
Kxg2  44. Kb2  g3
45. Kc2  Bh3  46. Kd2
Kh2  47. Bf5  g2
48. Qxh3+  Kg1  49. Ke2
Re8+  50. Kf3  1-0

[Event "MCR mladeze 2019 - D12"]
[Site "Kouty nad Desnou"]
[Date "2019.03.11"]
[Round "4"]
[White "Martinkova, Magdalena"]
[Black "Zelbova, Lada"]
[Result "1-0"]
[WhiteElo "1387"]
[BlackElo "1221"]
[EventDate "2019.03.09"]

1. e4  c5  2. Nf3  d6
3. d4  cxd4  4. Nxd4
Nf6  5. Nc3  a6
6. f3  e5  7. Nb3  Be6
8. Be3  Be7  9. Qd2
O-O  10. O-O-O  Nbd7
11. g4  b5  12. h4
b4  13. Ne2  a5
14. Kb1  Qc7  15. h5  a4
16. Nbc1  Rfc8  17. g5
Ne8  18. g6  b3
19. cxb3  axb3  20. Nxb3  Rxa2
21. Rc1  Bxb3  22. Rxc7
Rxc7  23. Nc3  Ra8
24. Bb5  Bg5  25. Bxg5
Rca7  26. Ba4  Bxa4
27. Nxa4  Rxa4  28. gxf7+
Kxf7  29. Qd5+  Kf8
30. Rc1  Ra1+  31. Kc2
Rc8+  32. Kd1  Ndf6
33. Qe6  Rcxc1+  34. Bxc1
Nxh5  35. Kc2  Nhf6
36. Bg5  Rg1  37. Bxf6
gxf6  38. b4  Rg7
39. b5  Rb7  40. Qd5
Rc7+  41. Kd3  Rc5
42. Qb3  Nc7  43. b6
Rb5  44. Qxb5  Nxb5
45. b7  Nd4  46. b8=Q+
Kg7  47. Qxd6  Nxf3
48. Ke3  Ng5  49. Qd1
Kg6  50. Qg4  h5
51. Qf5+  Kg7  52. Kf2
h4  53. Qg4  h3
54. Kg3  Kg6  55. Kh2  Kg7
56. Qd7+  Kh6  57. Qe7
Kg6  58. Kg3  Nxe4+
59. Kxh3  Ng5+  60. Kh4
Kf5  61. Qd7+  Kg6
62. Kg4  Nf7  63. Qf5+
Kg7  64. Kh5  1-0

[Event "MCR mladeze 2019 - D12"]
[Site "Kouty nad Desnou"]
[Date "2019.03.11"]
[Round "4"]
[White "Dobsa, Emma"]
[Black "Janouskova, Adela"]
[Result "0-1"]
[WhiteElo "1297"]
[BlackElo "1258"]
[EventDate "2019.03.09"]

1. d4  d5  2. Bf4  e6
3. e3  Nf6  4. Nf3
Be7  5. c4  O-O
6. Nc3  Nbd7  7. Bd3  a6
8. O-O  c5  9. h3
cxd4  10. Nxd4  dxc4
11. Bxc4  e5  12. Nd5
Nxd5  13. Bxd5  exf4
14. exf4  Nf6  15. Bf3
Qb6  16. Nb3  Be6
17. g4  Rfd8  18. Qe2
Rd7  19. f5  Bd5
20. Bxd5  Nxd5  21. Rad1
Bf8  22. Rd2  Rdd8
23. Rfd1  Re8  24. Qc4
Nf6  25. g5  Ne4
26. Re2  Nxg5  27. Rxe8
Rxe8  28. Qg4  Ne4
29. Rf1  Bc5  30. Nxc5
Qxc5  31. h4  h6
32. Kg2  Qd5  33. Kh2
Qe5+  34. Kh3  Qxb2
35. Qg2  Qxa2  36. Qg1
Qb3+  37. f3  Nd2
38. f6  g6  39. Rf2
Nxf3  40. Qg3  Ng1+
41. Kh2  Qxg3+  42. Kxg3
Ne2+  43. Kf3  Nd4+
44. Kg2  Re2  45. Rxe2
Nxe2  46. Kf2  Nd4
47. Ke3  Nf5+  48. Kf4
Nxh4  49. Ke5  Nf5
50. Kd5  h5  51. Kc5
h4  52. Kb6  h3
53. Kxb7  h2  54. Kxa6  h1=Q
55. Kb6  Qd5  56. Kc7
Qd6+  57. Kc8  Ne7+
58. fxe7  Qxe7  59. Kb8
Qd7  60. Ka8  g5
61. Kb8  g4  0-1

[Event "MCR mladeze 2019 - D12"]
[Site "Kouty nad Desnou"]
[Date "2019.03.11"]
[Round "4"]
[White "Sehnoutkova, Laura"]
[Black "Ticha, Sofie"]
[Result "1-0"]
[WhiteElo "1071"]
[BlackElo "1307"]
[EventDate "2019.03.09"]

1. e4  c5  2. d4  cxd4
3. c3  dxc3  4. Nxc3
e6  5. Nf3  Nc6
6. Bc4  Nf6  7. O-O  Bc5
8. e5  Ng8  9. Re1
f6  10. Bf4  Qb6
11. exf6  Nxf6  12. Re2
O-O  13. Rc1  d5
14. Bb3  Ng4  15. Bg3
Bd7  16. Na4  Bxf2+
17. Bxf2  Qc7  18. Bg3
Qd8  19. h3  Nf6
20. Nc5  Qb6  21. Kh1
Qd8  22. Nxb7  Qc8
23. Nc5  Nh5  24. Bh2
Nf4  25. Bxf4  Rxf4
26. Nxd7  Qxd7  27. Ba4
Rc8  28. Ne5  Qe7
29. Rxc6  Rxc6  30. Bxc6
Qf8  31. Re1  Rf2
32. Nf3  Qd6  33. Ne5
Qb8  34. Re2  Rf5
35. Nf3  Qg3  36. Qe1
Qf4  37. Rxe6  h6
38. Re5  Rf6  39. Bxd5+ Rd6 40.
Bc6  Rf6  41. Bd5+  Rf7
42. Bxf7+  Qxf7  43. Qe4
Qxa2  44. Nh4  Qa1+
45. Kh2  Qa2  46. Re8+ Kf7 47.
Qe7#  1-0

[Event "MCR mladeze 2019 - D12"]
[Site "Kouty nad Desnou"]
[Date "2019.03.11"]
[Round "4"]
[White "Veverkova, Dorota"]
[Black "Myskova, Veronika"]
[Result "1-0"]
[WhiteElo "1315"]
[BlackElo "1032"]
[EventDate "2019.03.09"]

1. e4  c5  2. c3  d5
3. exd5  Qxd5  4. Nf3
Nf6  5. d4  Nc6
6. Be3  Bg4  7. Be2  e6
8. dxc5  Qxd1+  9. Bxd1
Be7  10. O-O  O-O
11. h3  Bf5  12. Na3
Ne4  13. Nd4  Nxd4
14. cxd4  Bf6  15. Bf3
Rad8  16. Rfd1  Rd7
17. Nc4  Rfd8  18. Ne5
Rc7  19. g4  Bxe5
20. dxe5  Rxd1+  21. Rxd1
Rc8  22. gxf5  exf5
23. Bxe4  fxe4  24. Rc1
Rc6  25. Rd1  Rg6+
26. Kf1  h6  27. Rd7
b6  28. cxb6  axb6
29. Rb7  Rc6  30. Rxb6
Rc2  31. a4  Rc8
32. a5  Rc4  33. a6
Ra4  34. a7  1-0

[Event "MCR mladeze 2019 - D12"]
[Site "Kouty nad Desnou"]
[Date "2019.03.11"]
[Round "4"]
[White "Hrbkova, Johana"]
[Black "Coufalova, Laura"]
[Result "1-0"]
[WhiteElo "1179"]
[BlackElo "1015"]
[EventDate "2019.03.09"]

1. e4  e5  2. Nf3  Nc6
3. Bc4  Be7  4. d3
Nf6  5. Be3  O-O
6. Nbd2  d5  7. exd5
Nxd5  8. c3  Be6
9. O-O  Nxe3  10. fxe3
Bxc4  11. Nxc4  Bf6
12. d4  Re8  13. Nfd2
Bg5  14. Qh5  g6
15. Qf3  f6  16. Ne4
Rf8  17. Rf2  f5
18. Nxg5  Qxg5  19. Qd5+
Rf7  20. Nxe5  Nxe5
21. Qxe5  Qe7  22. Qg3
Re8  23. Re1  g5
24. Rfe2  h5  25. Qf3
g4  26. Qxb7  f4
27. e4  Qh4  28. Rf1
Ref8  29. Qd5  g3
30. h3  Kg7  31. Qe5+
Kh7  32. Rf3  Re7
33. Qd5  Ree8  34. Qb7
Re6  35. Qxc7+  Qe7
36. Qxe7+  Rxe7  37. e5
Kg6  38. Rd3  Rfe8
39. c4  Kf5  40. c5
Rc7  41. b4  a6
42. a4  h4  43. b5  axb5
44. axb5  Ra7  45. Rd1
Rd8  46. Kf1  Ra5
47. Rb2  Ra4  48. Rbd2
Rb4  49. b6  Rc4
50. b7  Rb8  51. Rb1
Ke6  52. Ra2  Rxd4
53. Ra8  Rdd8  54. c6
Rxa8  55. c7  Rdb8
56. bxa8=Q Rxa8  57. Rb8  Ra1+
58. Ke2  Ra2+  59. Kf1
Ra1+  60. Ke2  Ra2+
61. Kf3  Rf2+  62. Ke4
Re2+  63. Kxf4  Rxe5
64. Re8+  Kd7  65. c8=Q+
Kd6  66. Qd8+  Kc5
67. Rxe5+  1-0

[Event "MCR mladeze 2019 - D12"]
[Site "Kouty nad Desnou"]
[Date "2019.03.11"]
[Round "4"]
[White "Archlebova, Stela"]
[Black "Dudkova, Josefina"]
[Result "0-1"]
[WhiteElo "1253"]
[BlackElo "1393"]
[EventDate "2019.03.09"]

1. e4  d5  2. exd5  Nf6
3. Nc3  Nxd5  4. Nxd5
Qxd5  5. Nf3  Bg4
6. Be2  Nc6  7. d3
e5  8. Ng5  Bxe2
9. Qxe2  Qxg2  10. Qf3
Qxf3  11. Nxf3  O-O-O
12. Be3  Bb4+  13. c3
Be7  14. O-O-O  a6
15. Rhg1  g6  16. d4
exd4  17. Nxd4  Nxd4
18. Bxd4  Rhe8  19. Rge1
Bg5+  20. Be3  Rxd1+
21. Rxd1  Bxe3+  22. fxe3
Rxe3  23. Rf1  f5
24. Kd2  Re6  25. Re1
Rxe1  26. Kxe1  Kd7
27. Kf2  Ke6  28. Kf3
Ke5  29. h4  h6
30. a4  g5  31. hxg5  hxg5
32. b4  Kd5  33. Ke3
Kc4  34. Kd2  g4
35. Ke3  Kxc3  36. Kf4
Kxb4  37. Kg3  c5
38. Kg2  c4  39. Kh1
c3  40. Kh2  c2
41. Kg2  c1=Q  42. Kg3  Qe1+
43. Kh2  g3+  44. Kh3
f4  45. Kg2  Qf2+
46. Kh1  g2+  47. Kh2
g1=Q+  48. Kh3  Qfh2#
0-1

[Event "MCR mladeze 2019 - D14"]
[Site "Kouty nad Desnou"]
[Date "2019.03.11"]
[Round "4"]
[White "Voriskova, Anna"]
[Black "Stastna, Martina"]
[Result "1/2-1/2"]
[WhiteElo "1603"]
[BlackElo "1660"]
[EventDate "2019.03.09"]

1. e4  e5  2. Nf3  Nc6
3. Bb5  a6  4. Bxc6
dxc6  5. d3  Bd6
6. Nbd2  Be6  7. Nc4
f6  8. Be3  Ne7
9. O-O  O-O  10. Qe2  Ng6
11. d4  exd4  12. Nxd4
Bf7  13. Rad1  Qe7
14. f3  Rad8  15. a4
Bc5  16. Na5  Bxd4
17. Bxd4  Qb4  18. Bc3
Qxa4  19. b3  Qb5
20. Qxb5  cxb5  21. Nxb7
Rxd1  22. Rxd1  Nf4
23. Bb4  Ra8  24. Rd7
Ne6  25. Kf2  Rc8
26. Nc5  Be8  27. Re7
Nd4  28. Nxa6  Nxc2
29. Rxc7  Rxc7  30. Nxc7 1/2-1/2

[Event "MCR mladeze 2019 - D14"]
[Site "Kouty nad Desnou"]
[Date "2019.03.11"]
[Round "4"]
[White "Dudova, Pavlina"]
[Black "Vankova, Marie"]
[Result "1-0"]
[WhiteElo "1505"]
[BlackElo "1341"]
[EventDate "2019.03.09"]

1. e4  e6  2. d4  d5
3. e5  c5  4. c3
Qb6  5. Nf3  Nc6
6. Bd3  cxd4  7. cxd4
Bd7  8. O-O  Nxd4
9. Nxd4  Qxd4  10. Nc3
Qb6  11. Qe2  Bc5
12. Kh1  Ne7  13. f4
Rc8  14. Bb5  Bxb5
15. Qxb5+  Qxb5  16. Nxb5
Nf5  17. Bd2  a6
18. Nc3  O-O  19. Rac1
Be3  20. Bxe3  Nxe3
21. Rfe1  Nf5  22. Na4
b5  23. Nc5  Rc6
24. b4  Rfc8  25. Rc3
a5  26. a3  axb4
27. axb4  Nd4  28. Ra1
h6  29. g4  R6c7
30. Kg2  Nc6  31. Nd3
Kh7  32. Rac1  Kg6
33. Ne1  f6  34. Nf3
Kf7  35. Nd4  Ke7
36. Rxc6  Rxc6  37. Rxc6
Rxc6  38. Nxc6+  Kd7
39. Nd4  1-0

[Event "MCR mladeze 2019 - D14"]
[Site "Kouty nad Desnou"]
[Date "2019.03.11"]
[Round "4"]
[White "Lhotska, Anna"]
[Black "Trasakova, Adela"]
[Result "1-0"]
[WhiteElo "1845"]
[BlackElo "1579"]
[EventDate "2019.03.09"]

1. e4  c6  2. Nc3  d5
3. Nf3  Bg4  4. h3
Bxf3  5. Qxf3  e6
6. Be2  Nf6  7. O-O
Nbd7  8. d4  dxe4
9. Nxe4  Nxe4  10. Qxe4
Nf6  11. Qd3  Bd6
12. c4  O-O  13. b3
Bc7  14. Bb2  Qd6
15. g3  Rad8  16. Rad1
Rd7  17. Qe3  Rfd8
18. Bd3  Qe7  19. Bc2
Bb6  20. Rfe1  Ba5
21. Re2  Qe8  22. Qg5
Bb4  23. f4  Be7
24. f5  Ne4  25. Qg4
exf5  26. Qxf5  Nf6
27. Rde1  Qf8  28. d5
g6  29. Qf4  Nh5
30. Qf3  Bc5+  31. Kg2
cxd5  32. cxd5  Rxd5
33. g4  Ng7  34. Be4
Rd2  35. Bxb7  Rxe2+
36. Rxe2  Re8  37. Rc2
Bb6  38. Bd5  Qe7
39. Qc3  Qf8  40. Qf6
Rd8  41. Bc4  Rd7
42. h4  Qa8+  43. Kh3
Qf8  44. Re2  Rd6
45. Bxf7+  Kh8  46. Qf3
Rd3  47. Qxd3  Qxf7
48. Kg2  Kg8  49. Qc4
Qxc4  50. bxc4  Kf7
51. Bxg7  Kxg7  52. Kf3
Kf6  53. g5+  Kf7
54. Re5  Bd4  55. Rd5
Bb6  56. Rd7+  Kg8
57. Ke4  Kh8 1-0

[Event "MCR mladeze 2019 - D14"]
[Site "Kouty nad Desnou"]
[Date "2019.03.11"]
[Round "4"]
[White "Fizerova, Lucie"]
[Black "Ruzickova, Ema"]
[Result "0-1"]
[WhiteElo "1537"]
[BlackElo "1363"]
[EventDate "2019.03.09"]

1. e4  e5  2. Nf3  Nc6
3. Bb5  f5  4. Nc3
fxe4  5. Nxe4  Nf6
6. d3  d6  7. O-O
Be7  8. a3  O-O
9. Re1  Nxe4  10. dxe4  Bg4
11. Qd5+  Kh8  12. Nd2
Nd4  13. Bd3  c6
14. Qa2  Bh4  15. g3
Qf6  16. f4  exf4
17. Rf1  f3  18. Rf2
Ne2+  19. Kh1  Nxg3+
20. hxg3 Bxg3 21. Kg1  Qd4  0-1

[Event "MCR mladeze 2019 - D14"]
[Site "Kouty nad Desnou"]
[Date "2019.03.11"]
[Round "4"]
[White "Strnadova, Monika"]
[Black "Nespora, Tatana"]
[Result "1-0"]
[WhiteElo "1521"]
[BlackElo "1319"]
[EventDate "2019.03.09"]

1. e4  c5  2. Nf3  e6
3. d4  cxd4  4. Nxd4
Nf6  5. Nc3  d6
6. Be3  a6  7. Be2  Be7
8. a4  O-O  9. O-O
b6  10. f4  Nbd7
11. Nc6  Qe8  12. Bf3
e5  13. f5  Bb7
14. Nxe7+  Qxe7  15. g4  Nc5
16. g5  Nfxe4  17. Nxe4
Bxe4  18. Bxe4  Nxe4
19. g6  fxg6  20. Qd5+
Kh8  21. Qxe4  gxf5
22. Rxf5  Rxf5  23. Qxa8+
Rf8  24. Qxa6  Qh4
25. Qb7  e4  26. Qd7
h6  27. Qxd6  Rf3
28. Bxb6  Rf6  29. Qb8+
Kh7  30. Kh1  Qh5
31. Ra3  Rf1+  32. Bg1
Qd1  33. Qg3  e3
34. Rxe3  Qd5+  35. Qg2
Qd1  36. Rd3  Qe1
37. Rf3  Rxf3  38. Qxf3
g5  39. a5  Qxa5
40. Qf7+  Kh8  41. Bd4+
Qe5  42. Bxe5#  1-0

[Event "MCR mladeze 2019 - D14"]
[Site "Kouty nad Desnou"]
[Date "2019.03.11"]
[Round "4"]
[White "Hosova, Sandra"]
[Black "Pejrimovska, Viola Ruby"]
[Result "0-1"]
[WhiteElo "1148"]
[BlackElo "1486"]
[EventDate "2019.03.09"]

1. d4  Nf6  2. Bf4  g6
3. e3  Bg7  4. Bd3
O-O  5. Nd2  d6
6. Ne2  Nc6  7. a3  b6
8. c3  Bb7  9. Qc2
e5  10. dxe5  dxe5
11. Bg3  Re8  12. O-O-O
a6  13. f4  b5
14. f5  Ng4  15. Nf1 Qe7  16. Qb1
e4  17. Bc2  Na5
18. h3  Ne5  19. fxg6
fxg6  20. Nd2  Nd3+
21. Bxd3  exd3  22. Qxd3
Rad8  23. Qc2  Qxe3
24. Bxc7  Be4 25. Qxe4  Rxe4
26. Bxd8  Nc4  27. Rhe1
Nxd2  28. Rxd2  Bh6
29. Red1  Qxe2  30. Kc2
Bxd2  31. Rxd2  Qh5
0-1

[Event "MCR mladeze 2019 - D14"]
[Site "Kouty nad Desnou"]
[Date "2019.03.11"]
[Round "4"]
[White "Merinska, Julie"]
[Black "Zemanova, Nikola"]
[Result "0-1"]
[WhiteElo "1044"]
[BlackElo "1387"]
[EventDate "2019.03.09"]

1. e4  e6  2. Nf3  d5
3. e5 c5 4. d4  Nc6  5. Bb5
Bd7  6. Nc3  Qb6
7. Be3  c4 8. O-O  Bb4
9. Bxc6  Bxc6  10. Qd2
Qa5  11. a3  Bxc3
12. Qxc3  Qxc3  13. bxc3
Ne7  14. Rab1  b5
15. Rb2  O-O  16. Re1
Ng6  17. Bd2  a5
18. g3  Rab8  19. Re3
Rb7 20. h4  Ne7  21. g4
Kh8  22. h5  g6
23. Ng5  gxh5  24. gxh5  Rg8
25. Rf3  Nf5  26. Kf1
h6  27. Nh3  Kh7
28. Ke2  Rg7  29. Rb1
Rb8  30. Rg1  Rbg8
31. Rxg7+  Rxg7  32. Kf1
Be8  33. Nf4  Nh4
34. Rg3  Nf5  35. Rh3
Bd7  36. Rf3  Nh4
37. Rg3  Rxg3  38. fxg3
Nf3  39. Be3  Ng5
40. Ne2  Kg7  41. Bxg5
hxg5  42. g4  f5
43. exf6+  Kxf6  44. Kf2
Kf7  45. Ng1  e5
46. Kg3  exd4  47. cxd4
b4  48. axb4  axb4
49. Nf3  Kf6  50. Nd2
Ba4  51. Nf1  Bxc2
52. Ne3  Be4  53. Nd1
c3  0-1

[Event "MCR mladeze 2019 - D14"]
[Site "Kouty nad Desnou"]
[Date "2019.03.11"]
[Round "4"]
[White "Maresova, Michaela"]
[Black "Semova, Lada"]
[Result "1/2-1/2"]
[WhiteElo "1335"]
[BlackElo "1441"]
[EventDate "2019.03.09"]

1. c4 e5 2. Nc3 d6 3. g3 Nf6 4. Bg2 Nc6 5. d3 Be7 6. Nf3 Be6 7. Bd2 Qd7 8. a3 h6
9. b4 Bh3 10. O-O Bxg2 11. Kxg2 O-O-O 12. b5 Nb8 13. Qa4 a6 14. bxa6 Nxa6 15.
Qxd7+ Rxd7 16. Rfb1 g5 17. Rb2 c6 18. Na4 Bd8 19. Be3 Ng4 20. Bb6 f5 21. Bxd8
Kxd8 22. Rab1 Rhh7 23. Nc3 Nc5 24. h3 Nf6 25. Rh1 e4 26. dxe4 Nfxe4 27. Nxe4 Nxe4
28. Rd1 Rhf7 29. Nd2 Nc3 30. Re1 Rfe7 31. e3 f4 32. gxf4 gxf4 33. Rb3 fxe3 34.
Rxe3 Rxe3 35. fxe3 Na4 36. Ne4 Kc7 37. Rb4 Nb6 38. c5 Nc8 39. cxd6+ Nxd6 40. Nxd6
Rxd6 41. Rb3 b5 42. Kf3 Kb6 43. a4 Ka5 44. axb5 cxb5 45. Rb1 Rb6 46. e4 Rf6+ 47.
Kg4 b4 48. e5 h5+ 49. Kg5 Rf3 50. Re1 Rxh3 51. e6 Rg3+ 52. Kxh5 Rg8 1/2-1/2

[Event "MCR mladeze 2019 - D14"]
[Site "Kouty nad Desnou"]
[Date "2019.03.11"]
[Round "4"]
[White "Habinova, Alice"]
[Black "Pluharova, Asja"]
[Result "1-0"]
[WhiteElo "1409"]
[BlackElo "1143"]
[EventDate "2019.03.09"]

1. e4  c5  2. f4  d6
3. Nf3  Nf6  4. Nc3
e6  5. Bc4  Be7
6. O-O  O-O  7. d4  cxd4
8. Nxd4  Nc6  9. Be3
a6  10. a3  Bd7
11. Qf3  Nxd4  12. Bxd4  Bc6
13. Qe3  Rc8  14. Bd3
b5  15. e5  dxe5
16. Bb6  Qe8  17. fxe5
Nd7  18. Qh3  g6
19. Be3  Qd8  20. Bh6
Re8  21. Rae1  Bf8
22. Rf4  Qb6+  23. Kh1
Qc5  24. Ne4  Qd5
25. Bxf8  Rxf8  26. Nf6+
Nxf6  27. exf6  Qg5
28. Ref1  Rcd8  29. Rg4
Qd2  30. Rff4  Kh8
31. Qh6  Rg8  32. Qxh7+
Kxh7  33. Rh4#  1-0

[Event "MCR mladeze 2019 - D14"]
[Site "Kouty nad Desnou"]
[Date "2019.03.11"]
[Round "4"]
[White "Nagyova, Daniela"]
[Black "Jirotova, Eliska"]
[Result "0-1"]
[WhiteElo "1397"]
[BlackElo "1250"]
[EventDate "2019.03.09"]

1. e4 c5 2. Nf3 Nc6 3. d4 cxd4 4. Nxd4 g6 5. Nc3 Bg7 6. Be3 Nf6 7. h3 O-O 8. Qd2
d5 9. exd5 Nxd5 10. Nxd5 Qxd5 11. Nxc6 Qxc6 12. O-O-O Bf5 13. Rg1 Rac8 14. Bd3
Bxd3 15. Qxd3 a5 16. g4 a4 17. a3 Rc7 18. h4 Rfc8 19. Rd2 b5 20. h5 Qb7 21. hxg6
fxg6 22. f4 b4 23. f5 bxa3 24. Qxa3 Qe4 25. Rgg2 Rb7 26. Qa2+ Kh8 27. Rde2 Bxb2+
28. Kd1 Rd7+ 29. Ke1 Bc3+ 30. Kf2 gxf5 31. gxf5 Qxf5+ 32. Kg3 Rg8+ 33. Kh2 Be5+
34. Kh1 Rd1+ 35. Rg1 Qh3+ 36. Rh2 Qxh2# 0-1

[Event "MCR mladeze 2019 - D14"]
[Site "Kouty nad Desnou"]
[Date "2019.03.11"]
[Round "4"]
[White "Glasbergerova, Lucie"]
[Black "Markova, Karolina"]
[Result "1/2-1/2"]
[WhiteElo "1138"]
[BlackElo "1474"]
[EventDate "2019.03.09"]

1. e4 e5 2. Nf3 Nf6 3. Nxe5 d6 4. Nf3 Nxe4 5. d4 d5 6. c4 c6 7. Bd3 Bb4+ 8. Bd2
Nxd2 9. Nbxd2 O-O 10. O-O Bg4 11. Qc2 h6 12. a3 Bxd2 13. Ne5 Be6 14. Qxd2 Nd7 15.
Nxd7 Qxd7 16. c5 b6 17. b4 Rfe8 18. Rfe1 Bf5 19. Qc2 Bxd3 20. Qxd3 Re6 21. Qd2
Rae8 22. Rac1 bxc5 23. bxc5 Qe7 24. Kf1 Qh4 25. h3 Rxe1+ 26. Rxe1 Rxe1+ 27. Kxe1
Qe4+ 28. Kf1 Qb1+ 29. Ke2 Qa1 30. Qb4 Kh7 31. a4 a5 32. Qb6 Qxa4 33. Ke3 f5 34.
f4 Qa3+ 35. Kf2 Qa4 36. Ke3 h5 37. h4 Qa3+ 38. Kf2 Qb4 39. Qxb4 axb4 40. Ke2 Kg8
1/2-1/2